Movies in the National Film Registry 1989-1999 - Statistics

General Stats
  • This quiz has been taken 22 times
  • The average score is 84 of 275
Answer Stats
Induction Year Year the Movie Came Out Type Answer % Correct
1989 1941 Narrative Citizen Kane
100%
1991 1968 Narrative 2001: A Space Odyssey
94%
1989 1964 Narrative Dr. Strangelove
94%
1994 1982 Narrative E.T. the Extra-Terrestrial
94%
1990 1940 Animated Fantasia
94%
1991 1931 Narrative Frankenstein
94%
1989 1939 Narrative Gone with the Wind
94%
1994 1940 Animated Pinocchio
94%
1994 1933 Animated Short Subject Snow White
94%
1989 1937 Animated Snow White and the Seven Dwarfs
94%
1989 1977 Narrative Star Wars
94%
1998 1939 Documentary The City
94%
1990 1972 Narrative The Godfather
94%
1993 1974 Narrative The Godfather Part II
94%
1989 1939 Narrative The Wizard of Oz
94%
1989 1942 Narrative Casablanca
88%
1991 1931 Narrative City Lights
88%
1989 1952 Narrative High Noon
88%
1993 1934 Narrative It Happened One Night
88%
1991 1962 Narrative Lawrence of Arabia
88%
1989 1936 Narrative Modern Times
88%
1995 1959 Narrative North by Northwest
88%
1992 1960 Narrative Psycho
88%
1990 1980 Narrative Raging Bull
88%
1999 1981 Narrative Raiders of the Lost Ark
88%
1997 1954 Narrative Rear Window
88%
1996 1978 Narrative The Deer Hunter
88%
1989 1926 Narrative The General
88%
1992 1925 Narrative The Gold Rush
88%
1989 1940 Narrative The Grapes of Wrath
88%
1997 1940 Narrative The Great Dictator
88%
1989 1958 Narrative Vertigo
88%
1990 1930 Narrative All Quiet on the Western Front
81%
1992 1977 Narrative Annie Hall
81%
1998 1935 Narrative Bride of Frankenstein
81%
1990 1933 Narrative Duck Soup
81%
1990 1941 Narrative How Green Was My Valley
81%
1989 1916 Narrative Intolerance
81%
1995 1921 Short Subject Manhatta
81%
1997 1973 Narrative Mean Streets
81%
1994 1969 Narrative Midnight Cowboy
81%
1989 1939 Narrative Mr. Smith Goes to Washington
81%
1989 1922 Documentary Nanook of the North
81%
1992 1957 Narrative Paths of Glory
81%
1991 1924 Narrative Sherlock Jr.
81%
1989 1959 Narrative Some Like It Hot
81%
1989 1950 Narrative Sunset Boulevard
81%
1994 1976 Narrative Taxi Driver
81%
1989 1946 Narrative The Best Years of Our Lives
81%
1992 1915 Narrative The Birth of a Nation
81%
1997 1957 Narrative The Bridge on the River Kwai
81%
1989 1956 Narrative The Searchers
81%
1995 1962 Narrative To Kill a Mockingbird
81%
1990 1950 Narrative All About Eve
75%
1993 1935 Narrative A Night at the Opera
75%
1997 1925 Narrative Ben-Hur
75%
1991 1974 Narrative Chinatown
75%
1992 1975 Narrative Nashville
75%
1993 1975 Narrative One Flew Over the Cuckoo's Nest
75%
1989 1952 Narrative Singin' in the Rain
75%
1989 1927 Narrative Sunrise
75%
1994 1960 Narrative The Apartment
75%
1995 1974 Narrative The Conversation
75%
1997 1927 Narrative Wings
75%
1999 1951 Narrative A Streetcar Named Desire
69%
1993 1982 Narrative Blade Runner
69%
1999 1953 Animated Short Subject Duck Amuck
69%
1991 1958 Narrative Gigi
69%
1990 1946 Narrative It's a Wonderful Life
69%
1989 1954 Narrative On the Waterfront
69%
1990 1955 Narrative Rebel Without a Cause
69%
1996 1967 Narrative The Graduate
69%
1992 1957 Animated Short Subject What's Opera, Doc?
69%
1995 1972 Narrative Cabaret
63%
1999 1989 Narrative Do the Right Thing
63%
1998 1969 Narrative Easy Rider
63%
1993 1940 Narrative His Girl Friday
63%
1994 1955 Narrative Marty
63%
1994 1932 Narrative Scarface
63%
1998 1928 Animated Short Subject Steamboat Willie
63%
1994 1951 Narrative The African Queen
63%
1997 1961 Narrative West Side Story
63%
1995 1938 Narrative The Adventures of Robin Hood
56%
1998 1971 Narrative The Last Picture Show
56%
1989 1941 Narrative The Maltese Falcon
56%
1995 1973 Narrative American Graffiti
50%
1993 1951 Narrative An American in Paris
50%
1997 1961 Narrative The Hustler
50%
1996 1976 Narrative The Outlaw Josey Wales
50%
1999 1969 Narrative The Wild Bunch
50%
1993 1942 Narrative Yankee Doodle Dandy
50%
1994 1970 Documentary Hospital
44%
1991 1933 Narrative King Kong
44%
1995 1971 Narrative The Hospital
44%
1999 1956 Narrative The Ten Commandments
44%
1990 1974 Narrative A Woman Under the Influence
38%
1995 1893 Short Subject Blacksmith Scene
38%
1990 1938 Narrative Bringing Up Baby
38%
1994 1932 Narrative Freaks
38%
1991 1924 Narrative Greed
38%
1999 1953 Narrative Roman Holiday
38%
1990 1903 Short Subject The Great Train Robbery
38%
1996 1927 Narrative The Jazz Singer
38%
1992 1955 Narrative The Night of the Hunter
38%
1998 1982 Narrative Tootsie
38%
1996 1970 Narrative M*A*S*H
31%
1994 1923 Narrative Safety Last!
31%
1996 1967 Narrative The Producers
31%
1995 1955 Narrative All That Heaven Allows
25%
1992 1967 Narrative Bonnie and Clyde
25%
1995 1939 Narrative Stagecoach
25%
1992 1940 Narrative The Bank Dick
25%
1998 1917 Short Subject The Immigrant
25%
1991 1942 Narrative The Magnificent Ambersons
25%
1995 1940 Narrative The Philadelphia Story
25%
1991 1951 Narrative A Place in the Sun
19%
1996 1919 Narrative Broken Blossoms
19%
1997 1962 Narrative How the West Was Won
19%
1990 1978 Narrative Killer of Sheep
19%
1990 1948 Narrative Red River
19%
1993 1953 Narrative Shane
19%
1997 1946 Narrative The Big Sleep
19%
1990 1948 Narrative The Treasure of the Sierra Madre
19%
1993 1958 Narrative Touch of Evil
19%
1994 1958 Short Subject A Movie
13%
1993 1973 Narrative Badlands
13%
1993 1942 Narrative Cat People
13%
1996 1936 Serial Film Flash Gordon
13%
1995 1950 Animated Short Subject Gerald McBoing-Boing
13%
1999 1955 Narrative Kiss Me Deadly
13%
1999 1944 Narrative Laura
13%
1994 1944 Narrative Meet Me in St. Louis
13%
1992 1969 Documentary Salesman
13%
1991 1945 Documentary The Battle of San pietro
13%
1994 1963 Narrative The Cool World
13%
1989 1928 Narrative The Crowd
13%
1995 1951 Narrative The Day the Earth Stood Still
13%
1999 1896 Short Subject The Kiss
13%
1998 1943 Narrative The Ox-Bow Incident
13%
1998 1925 Narrative The Phantom of the Opera
13%
1993 1928 Narrative The Wind
13%
1990 1936 Narrative Dodsworth
6%
1991 1914 Animated Short Subject Gertie the Dinosaur
6%
1994 1956 Narrative Invasion of the Body Snatchers
6%
1990 1939 Narrative Ninotchka
6%
1991 1947 Narrative Out of the Past
6%
1993 1958 Narrative Shadows
6%
1993 1957 Narrative Sweet Smell of Success
6%
1991 1941 Narrative The Blood of Jesus
6%
1995 1920 Narrative The Last of the Mohicans
6%
1994 1962 Narrative The Manchurian Candidate
6%
1996 1942 Narrative To Be or Not to Be
6%
1998 1933 Narrative 42nd Street
0%
1994 1909 Short Subject A Corner in Wheat
0%
1992 1949 Narrative Adam's Rib
0%
1992 1929 Short Subject Big Business
0%
1992 1954 Narrative Carmen Jones
0%
1992 1966 Short Subject Castro Street
0%
1995 1982 Narrative Chan Is Missing
0%
1993 1976 Narrative Chulas Fronteras
0%
1999 1916 Narrative Civiliation
0%
1997 1922 Short Subject Cops
0%
1997 1969 Short Subject Czechoslovakia 1968
0%
1991 1967 Narrative David Holzman's Diary
0%
1998 1964 Documentary Dead Birds
0%
1996 1939 Narrative Destry Rides Again
0%
1992 1945 Narrative Detour
0%
1992 1961-1964 Short Film Series Dog Star Man
0%
1998 1967 Documentary Dont Look Back
0%
1992 1944 Narrative Double Idemnity
0%
1993 1953 Short Subject Eaux d'Artifice
0%
1995 1983 Narrative El Norte
0%
1995 1915 Short Subject Fatty's Tintype Tangie
0%
1992 1933 Narrative Footlight Parade
0%
1994 1948 Narrative Force of Evil
0%
1996 1973 Animated Short Subject Frank Film
0%
1998 1912 Narrative From the Manger to the Cross
0%
1995 1936 Narrative Fury
0%
1997 1925 Documentary Grass
0%
1998 1950 Narrative Gun Crazy
0%
1999 1939 Narrative Gunga Din
0%
1990 1976 Documentary Harlan County, USA
0%
1997 1971 Narrative Harold and Maude
0%
1994 1916 Narrative Hell's Hinges
0%
1991 1968 Documentary High School
0%
1997 1937 Newsreel Hindenburg Disaster Footage
0%
1991 1932 Narrative I am a Fugitive from a Chain Gang
0%
1999 1914 Narrative In the Land of the Head Hunters
0%
1995 1944 Short Subject Jammin' the Blues
0%
1999 1959 Documentary Jazz on a Summer's Day
0%
1999 1970 Documentary King: A Filmed Record... Montgomery to Memphis
0%
1997 1940 Narrative Knute Rockne, All American
0%
1999 1929 Short Subject Lambchops
0%
1993 1943 Narrative Lassie Come Home
0%
1992 1948 Narrative Letter from an Unknown Woman
0%
1997 1953 Narrative Little Fugitive
0%
1998 1934 Narrative Little Miss Marker
0%
1994 1948 Narrative Louisiana Story
0%
1990 1932 Narrative Love Me Tonight
0%
1993 1952 Animated Short Subject Magical Maestro
0%
1999 1936 Documentary Master Hands
0%
1990 1943 Short Subject Meshes of the Afternoon
0%
1996 1945 Narrative Mildred Pierce
0%
1998 1956 Short Subject Modesta
0%
1992 1930 Narrative Morocco
0%
1997 1947 Animated Short Subject Motion Painting No. 1
0%
1991 1946 Narrative My Darling Clementine
0%
1999 1936 Narrative My Man Godfrey
0%
1999 1968 Narrative Night of the Living Dead
0%
1993 1964 Narrative Nothing But a Man
0%
1998 1928 Short Subject Pass the Gravy
0%
1993 1964 Documentary Point of Order
0%
1998 1977 Short Subject Powers of Ten
0%
1990 1960 Documentary Primary
0%
1996 1959 Short Subject Pull My Daisy
0%
1997 1937 Newsreel Republic Steel Strike Riot Newsreel Footage
0%
1997 1980 Narrative Return of the Secausus 7
0%
1992 1962 Narrative Ride the High Country
0%
1995 1903 Short Subject Rip Van Winkle
0%
1996 1942 Narrative Road to Morocco
0%
1992 1954 Narrative Salt of the Earth
0%
1995 1927 Narrative Seventh Heaven
0%
1991 1943 Narrative Shadow of a Doubt
0%
1996 1933 Narrative She Done Him Wrong
0%
1996 1963 Narrative Shock Corridor
0%
1996 1936 Narrative Show Boat
0%
1998 1922 Narrative Sky High
0%
1990 1941 Narrative Sullivan's Travels
0%
1994 1931 Narrative Tabu: A Story of the South Seas
0%
1998 1940 Home Film Tacoma Narrows Bridge Collapse
0%
1991 1939 Narrative Tevya
0%
1996 1937 Narrative The Awful Truth
0%
1995 1953 Narrative The Band Wagon
0%
1992 1925 Narrative The Big Parade
0%
1993 1926 Narrative The Black Pirate
0%
1993 1915 Narrative The Cheat
0%
1999 1928 Narrative The Docks of New York
0%
1999 1933 Narrative The Emperor Jones
0%
1994 1914 Serial Film The Exploits of Elaine
0%
1996 1931 Documentary The Forgotten Frontier
0%
1995 1921 Narrative The Four Horseman of the Apocalypse
0%
1990 1925 Narrative The Freshman
0%
1996 1949 Narrative The Heiress
0%
1998 1953 Narrative The Hitch-Hiker
0%
1991 1915 Narrative The Italian
0%
1994 1941 Narrative The Lady Eve
0%
1989 1969 Narrative The Learning Tree
0%
1997 1927 Short Subject The Life and Death of 9413: a Hollywood Extra
0%
1996 1980 Documentary The Life and Times of Rosie the Riveter
0%
1998 1925 Narrative The Lost World
0%
1993 1938 Newsreel The March of Time: Inside Nazi Germany
0%
1997 1932 Short Subject The Music Box
0%
1997 1953 Narrative The Naked Spur
0%
1999 1936 Short Subject The Plow That Broke the Plains
0%
1991 1917 Narrative The Poor Little Rich Girl
0%
1991 1937 Narrative The Prisoner of Zenda
0%
1998 1931 Narrative The Public Enemy
0%
1990 1938 Short Subject The River
0%
1999 1940 Narrative The Shop Around the Cornor
0%
1996 1924 Narrative The Thief of Bagdad
0%
1997 1934 Narrative The Thin Man
0%
1995 1976 Documentary To Fly!
0%
1996 1943-1945 Documentary Topaz
0%
1990 1935 Narrative Top Hat
0%
1999 1936-1939 Short Subject Trance and Dance in the Ball
0%
1991 1932 Narrative Trouble in Paradise
0%
1997 1942 Animated Short Subject Tulips Shall Grow
0%
1998 1949 Narrative Twelve O'Clock High
0%
1996 1939 Narrative Verbena Tragica
0%
1998 1904 Short Subject Westinghouse Works, 1904
0%
1993 1916 Narrative Where Are My Children?
0%
1992 1920 Narrative Within Our Gates
0%
1999 1942 Narrative Woman of the Year
0%
1996 1970 Documentary Woodstock
0%
1994 1963 Home Film Zapruder Film
0%
No matching quizzes found
Score Distribution
Percent of People with Each Score
Percentile by Number Answered
Your Score History
You have not taken this quiz